JHCSC Library Logo Welcome to JHCSC LibraryWhere Every Page Begins a New Adventure.    Vision: A leading public higher education institution serving the ASEAN community through quality, innovative, and culture-sensitive programs.    Mission: To provide relevant and responsive programs in Agriculture, Education, and other fields aligned with its vision. It undertakes applied research, extension, and production services that yield practical and lasting solutions to sector-specific challenges, improving the socio-economic well-being of identified communities.

EXPERIMENTAL COOKERY AND FOOD PRESERVATION (Record no. 5583)

MARC details
000 -LEADER
fixed length control field 00573nam a22001817a 4500
005 - DATE AND TIME OF LATEST TRANSACTION
control field 20220304072640.0
008 - FIXED-LENGTH DATA ELEMENTS--GENERAL INFORMATION
fixed length control field 220304b |||||||| |||| 00| 0 eng d
020 ## - INTERNATIONAL STANDARD BOOK NUMBER
International Standard Book Number 978-971-9617-10-5
040 ## - CATALOGING SOURCE
Transcribing agency jhcsc
082 ## - DEWEY DECIMAL CLASSIFICATION NUMBER
Classification number 641.4 N362 2014
245 ## - TITLE STATEMENT
Title EXPERIMENTAL COOKERY AND FOOD PRESERVATION
Statement of responsibility, etc. Eva Nebril-Flores
250 ## - EDITION STATEMENT
Edition statement Second Edition
260 ## - PUBLICATION, DISTRIBUTION, ETC.
Place of publication, distribution, etc. Quezon City
Name of publisher, distributor, etc. wiseman's Books Trading Inc.
Date of publication, distribution, etc. 2014
300 ## - PHYSICAL DESCRIPTION
Extent 240pp
Other physical details ill.
500 ## - GENERAL NOTE
General note Includes Bibliographical references and index
650 ## - SUBJECT ADDED ENTRY--TOPICAL TERM
Source of heading or term EXPERIMENTAL COOKERY AND FOOD PRESERVATION
942 ## - ADDED ENTRY ELEMENTS (KOHA)
Source of classification or shelving scheme Dewey Decimal Classification
Koha item type Book
Holdings
Withdrawn status Lost status Source of classification or shelving scheme Damaged status Not for loan Home library Current library Date acquired Total Checkouts Full call number Barcode Date last seen Price effective from Koha item type
    Dewey Decimal Classification     JHCSC - Pagadian Annex Campus Library JHCSC - Pagadian Annex Campus Library 03/04/2022   641.4 N362 2014 15735 P 03/04/2022 03/04/2022 Book
© J.H. Cerilles State College | All Rights Reserved
Designed by Terhevic L. Bation & Gerald Biad, Library IT Staff